| 000 | 00945nam a22002537a 4500 | ||
|---|---|---|---|
| 999 |
_c34664 _d34664 |
||
| 003 | OSt | ||
| 005 | 20240217154534.0 | ||
| 008 | 141129b xxu||||| |||| 00| 0 eng d | ||
| 020 | _a978-607-32-3962-2 | ||
| 040 |
_aBP-BU _cBMC |
||
| 082 | _a658.04 | ||
| 100 | 1 |
_98408 _aRobbins, Stephen P. |
|
| 245 | 1 | 0 |
_aFundamentos de administración _cStephen P. Robbins, Mary Coulter, David A. De Cenzo,; traducción, María de Lorudes Amador Araujo; revisión técnica, José Hugo Estrada Zárate, [et al.] |
| 250 | _a10ª ed | ||
| 260 |
_aMéxico D.F. _bPearson Educación _c2017 |
||
| 300 |
_aXIX, 506 p. _bil. _c27 cm |
||
| 595 | _aTraducción de: Fundamentals of Management | ||
| 650 | 2 | 4 |
_93341 _aGestión de empresas |
| 700 |
_98410 _aCoulter, Mary |
||
| 700 | 1 |
_98483 _aDeCenzo, David A. |
|
| 700 | 1 |
_95179 _aAmador Araujo, Ma. de Lourdes _q(María de Lourdes) |
|
| 700 | 1 |
_929179 _aEstrada Zarate, José Hugo |
|
| 942 |
_2ddc _cBK _hprozim |
||